| 000 | 00712cab a2200205 4500 | ||
|---|---|---|---|
| 001 | ABS42347 | ||
| 008 | 090401t1990 xxu||||| |||| 00| 0 eng d | ||
| 035 | _a(Sirsi) u36307 | ||
| 041 | _aeng | ||
| 100 | _aSpurden, S. | ||
| 245 | _aSelf administration for pensions | ||
| 260 | _c1990 | ||
| 350 | _a0 | ||
| 490 |
_aMoney Management _v20(821) March 1990, 71-78(5) |
||
| 520 | _aReviews the changes in legislation affecting the market for self-administered pension schemes (SSAP) and assesses the merits of this type of pension for small schemes and personal pensions . | ||
| 650 | _aFINANCIAL SERVICES ACT 1986 | ||
| 690 | _aPROPERTY-PROPERTY FINANCE AND INVESTMENT | ||
| 942 | _n0 | ||
| 948 | _c04/03/1997 | ||
| 999 |
_c23624 _d23624 |
||